MARC details
| 000 -LEADER |
| campo de control de longitud fija |
02823nac a2200289 a 4500 |
| 003 - IDENTIFICADOR DE NÚMERO DE CONTROL |
| campo de control |
CO-PeBPM |
| 005 - FECHA Y HORA DE LA ÚLTIMA TRANSACCIÓN |
| campo de control |
20251031211846.0 |
| 008 - DATOS DE LONGITUD FIJA--INFORMACIÓN GENERAL |
| campo de control de longitud fija |
251031s2024 ck a|||| |||| 00| 0 spa d |
| 020 ## - NÚMERO INTERNACIONAL ESTÁNDAR DEL LIBRO |
| Número Internacional Estándar del Libro |
9789586658454 |
| 040 ## - FUENTE DE CATALOGACIÓN |
| Centro catalogador/agencia de origen |
CO-PeBPM |
| Lengua de catalogación |
spa |
| Centro/agencia transcriptor |
CO-PeBPM |
| Normas de descripción |
rda |
| 041 ## - CÓDIGO DE IDIOMA |
| Código de lengua del texto/banda sonora o título independiente |
spa |
| 082 04 - NÚMERO DE LA CLASIFICACIÓN DECIMAL DEWEY |
| Número de clasificación |
370.89 C133r |
| Número de edición |
22 |
| 100 1# - ENTRADA PRINCIPAL--NOMBRE DE PERSONA |
| Nombre de persona |
Caicedo Ortiz, José Antonio |
| Término indicativo de función/relación |
autor |
| 245 10 - MENCIÓN DEL TÍTULO |
| Título |
El racismo escolar |
| Resto del título |
: Debates educativos y crónicas |
| Mención de responsabilidad, etc. |
/ José Antonio Caicedo Ortiz; Elizabeth Castillo Guzmán. |
| 250 ## - MENCION DE EDICION |
| Mención de edición |
Edición especial |
| 260 ## - PUBLICACIÓN, DISTRIBUCIÓN, ETC. |
| Lugar de publicación, distribución, etc. |
Bogotá, Colombia |
| Nombre del editor, distribuidor, etc. |
: Siglo del Hombre |
| Fecha de publicación, distribución, etc. |
, 2024 |
| 300 ## - DESCRIPCIÓN FÍSICA |
| Extensión |
187 páginas |
| Otras características físicas |
ilustraciones a color |
| Dimensiones |
21 centimetros |
| 490 ## - MENCIÓN DE SERIE |
| Mención de serie |
Plan Nacional de Lectura, Escritura y Oralidad / Ministerio de las Culturas, Las Artes y lso |
| 520 ## - RESUMEN, ETC. |
| Sumario, etc. |
La escuela es un escenario esencial de socialización política. En ella aprendemos a reconocer, valorar y representar la sociedad que habitamos. Durante varias décadas se ha mostrado el papel central que juega esta institución y sus dispositivos de saber en la reproducción de estereotipos y estigmatizaciones relacionadas con la racialización de las personas afrodescendientes. La experiencia del racismo es uno de los mayores actos de vulneración de la dignidad humana, sobre todo cuando se ejerce sobre niñas y niños pequeños. En este libro retomamos las lecciones y aprendizajes de quince años de trabajo investigativo sobre el racismo en la escuela colombiana y sus impactos más significativos en el campo de los derechos de las poblaciones negras, palenqueras, afrocolombianas y raizales. Ponemos en manos de lectoras y lectores nuestra mirada sobre las prácticas pedagógicas, la iconografía, las políticas de conocimiento, los rituales de la cultura escolar y los asociados al racismo escolar. La mayoría los reconocimos en escenarios como Bogotá, Cali, Cartagena y Popayán. Entendemos que si bien el racismo se manifiesta al interior del sistema educativo, existen planos exteriores íntimamente relacionados con esta problemática. Por esta razón, su manifestación en la escuela es solo el síntoma de un proceso más complejo que está incrustado en las estructuras ideológicas de nuestras instituciones. Este libro es también una manera de rendir tributo y reconocimiento a las personas y organizaciones que lucharon en el pasado y continúan en el presente enfrentando con fuerza e inteligencia este terrible flagelo que tanto daño ha producido en el mundo. |
| 521 ## - NOTA DE PÚBLICO DESTINATARIO |
| Nota de público destinatario |
Recomendado para jóvenes y adultos |
| 650 14 - PUNTO DE ACCESO ADICIONAL DE MATERIA--TÉRMINO DE MATERIA |
| Término de materia o nombre geográfico como elemento de entrada |
Racismo en la educación |
| Fuente del encabezamiento o término |
LEMB |
| 650 14 - PUNTO DE ACCESO ADICIONAL DE MATERIA--TÉRMINO DE MATERIA |
| Término de materia o nombre geográfico como elemento de entrada |
Discriminación racial - Aspectos educativos |
| Fuente del encabezamiento o término |
LEMB |
| 650 14 - PUNTO DE ACCESO ADICIONAL DE MATERIA--TÉRMINO DE MATERIA |
| Término de materia o nombre geográfico como elemento de entrada |
Diversidad cultural |
| Fuente del encabezamiento o término |
LEMB |
| 700 1# - ENTRADA AGREGADA--NOMBRE PERSONAL |
| Nombre de persona |
Castillo Guzmán, Elizabeth |
| Término indicativo de función/relación |
autora |
| 942 ## - ELEMENTOS DE ENTRADA SECUNDARIOS (KOHA) |
| Fuente del sistema de clasificación o colocación |
Clasificación Decimal Dewey |
| Tipo de ítem Koha |
Libros |
| Suprimir en OPAC |
No |